000 01998nam a2200277Ia 4500
999 _c45503
_d45503
001 12328
003 GE_BSU
005 20250214111153.0
008 181216s2014||||geo|||||||||||||| ||ge ||
020 _a9789941217487
040 _cGE_BSU
041 _ageo
080 _a27-36 წ-714
245 _aწმინდა გრიგოლ ღვთისმეტყველი; წმინდა გრიგოლ ნოსელი; წმინდა გრიგოლ ნეოკესარიელი /
_cშემდგენელი სოფიო თავაძე; გარეკანის დიზაინი ეთერ გზირიშვილი.
264 _aთბილისი :
_bპალიტრა L,
_c2014.
300 _a224 გვ. ;
_c20 სმ.
490 _aსაქართველოს იმედი II : ყველა წმინდანი, რომელთა შესახებაც უნდა იცოდე, 2298-0547 / პროექტის რედაქტორი თამარ მამაცაშვილი ;
_vწ. 5
500 _aიბეჭდება სრულიად საქართველოს კათოლიკოს-პატრიარქის, უწმინდესისა და უნეტარესის ილია II-ის ლოცვა-კურთხევით
504 _aბიბლიოგრ. : გვ. 220-221
653 _aწმინდა გრიგოლ ღვთისმეტყველი
653 _aწმინდა გრიგოლ ნოსელი
653 _aწმინდა გრიგოლ ნეოკესარიელი
700 _aმამაცაშვილი, თამარ
_eპროექტის რედაქტორი
_922683
700 _a გზირიშვილი, ეთერ
_eგარეკანის დიზაინერი
_922684
942 _cBK
_2udc